| 000 | 00553nam a2200205Ia 4500 | ||
|---|---|---|---|
| 003 | GCL | ||
| 008 | 140319s9999 xx 000 0 ara d | ||
| 040 |
_aGCL / _cGCL |
||
| 082 | 0 | 4 |
_a920 _bأ ع |
| 100 | 1 | _aعلى ادهم | |
| 245 | 1 | 0 |
_aالمعتمد بن عباد / _cعلى ادهم |
| 300 | _a342 ص | ||
| 490 |
_aاعلام العرب _v0 |
||
| 650 | 0 | 4 | _aالاندلس |
| 650 | 0 | 4 | _aالتراجم |
| 650 | 0 | 4 | _aالعرب فى اسبانيا |
| 650 | 0 | 4 | _aالمرابطون |
| 650 | 0 | 4 | _aالمعتمد بن عباد |
| 942 |
_2ddc _cBK |
||
| 999 |
_c47018 _d47018 |
||